| Tag |
First Indicator |
Second Indicator |
Subfields |
| LEADER |
00000cam a2200000 4500 |
| 001 |
in00000023165 |
| 005 |
20151007064317.0 |
| 008 |
720711s1966 ilu b 00010 eng u |
| 010 |
|
|
|a 66027661
|
| 035 |
|
|
|a (OCoLC)00353015
|
| 035 |
|
|
|9 AAD9540AM
|
| 040 |
|
|
|c WSU
|d TXA
|d UtOrBLW
|
| 049 |
|
|
|a TXAM
|c [474660]
|
| 050 |
|
0 |
|a PR2064
|b .G5 1966a
|
| 092 |
|
|
|a 821.08
|b G442m
|
| 100 |
1 |
|
|a Gibbs, A. C.
|
| 245 |
1 |
0 |
|a Middle English romances /
|c [by] A. C. Gibbs.
|
| 264 |
|
1 |
|a Evanston [Ill.] :
|b Northwestern University Press,
|c 1966.
|
| 300 |
|
|
|a vii, 180 pages ;
|c 21 cm.
|
| 336 |
|
|
|a text
|b txt
|2 rdacontent
|
| 337 |
|
|
|a unmediated
|b n
|2 rdamedia
|
| 338 |
|
|
|a volume
|b nc
|2 rdacarrier
|
| 490 |
1 |
|
|a York medieval texts
|
| 504 |
|
|
|a Bibliography: pages 159-160.
|
| 505 |
0 |
|
|a Introduction.--King Horn.--Havelok.--Floriz and Blauncheflur.--Sir Orfeo.--Amis and Amiloun.--The gest hystoriale of the destruction of Troy.--Sir Thopas.--Emare.--Sir Degrevant.
|
| 650 |
|
0 |
|a Romances, English.
|
| 830 |
|
0 |
|a York medieval texts.
|
| 999 |
|
|
|a MARS
|
| 999 |
f |
f |
|s 747c1615-c3a7-3a4e-b8c7-367ceb0a3a28
|i 7ceff866-fbad-3025-91c4-b94481dfe337
|t 0
|
| 952 |
f |
f |
|p normal
|a Texas A&M University
|b College Station
|c Sterling C. Evans Library
|d Evans: Library Stacks
|t 0
|e PR2064 .G5 1966a
|h Library of Congress classification
|i unmediated -- volume
|m A14801291130
|
| 998 |
f |
f |
|a PR2064 .G5 1966a
|t 0
|l Evans: Library Stacks
|